Countries with the most Dams - Statistics

General Stats
  • This quiz has been taken 34 times
  • The average score is 15 of 20
Answer Stats
# of Dams Country % Correct
1 428 Canada
100%
10 126 United States
100%
24 207 China
94%
1 196 Brazil
90%
724 France
90%
3 178 Japan
90%
1 106 Mexico
90%
1 050 Spain
90%
568 United Kingdom
90%
4 488 India
87%
380 Germany
81%
1 903 Turkey
81%
526 Italy
77%
730 Australia
74%
1 502 South Korea
74%
342 Norway
68%
599 Iran
65%
1 409 South Africa
58%
274 Zimbabwe
16%
351 Albania
10%
No matching quizzes found
Score Distribution
Percent of People with Each Score
Percentile by Number Answered
Your Score History
You have not taken this quiz